सनी डेज एक आत्मचरित्र सुनील गावसकर (Record no. 135614)

MARC details
000 -LEADER
fixed length control field 00736nam a2200193Ia 4500
008 - FIXED-LENGTH DATA ELEMENTS--GENERAL INFORMATION
fixed length control field 090124s9999 xx 000 0 und d
082 ## - DEWEY DECIMAL CLASSIFICATION NUMBER
Item number 21967
Classification number 2170
100 ## - MAIN ENTRY--PERSONAL NAME
Personal name पंडित बाळ ज.
245 ## - TITLE STATEMENT
Title सनी डेज एक आत्मचरित्र सुनील गावसकर
250 ## - EDITION STATEMENT
Edition statement 1
260 ## - PUBLICATION, DISTRIBUTION, ETC. (IMPRINT)
Date of publication, distribution, etc 1977
300 ## - PHYSICAL DESCRIPTION
Extent 272
600 ## - SUBJECT ADDED ENTRY--PERSONAL NAME
Personal name पंडित बाळ ज.
630 ## - SUBJECT ADDED ENTRY--UNIFORM TITLE
Uniform title सनी डेज एक आत्मचरित्र सुनील गावसकर
700 ## - ADDED ENTRY--PERSONAL NAME
Personal name पंडित बाळ ज.
700 ## - ADDED ENTRY--PERSONAL NAME
Personal name पंडित बाळ ज.
730 ## - ADDED ENTRY--UNIFORM TITLE
Uniform title सनी डेज एक आत्मचरित्र सुनील गावसकर
942 ## - ADDED ENTRY ELEMENTS (KOHA)
Koha item type Book
Holdings
Withdrawn status Lost status Damaged status Not for loan Home library Current library Date acquired Cost, normal purchase price Total Checkouts Full call number Barcode Date last seen Cost, replacement price Price effective from Koha item type
        Marathi Granth Sangrahalaya,Thane Marathi Granth Sangrahalaya,Thane   25.00   21967 THNMGS-21967 01/24/2009 25.00 01/24/2009 Book